Normal view
MARC view
- INMON,H. WILLIAM
Entry Personal Name
001 - CONTROL NUMBER
- control field: 89440
003 - CONTROL NUMBER IDENTIFIER
- control field: NUST
005 - DATE AND TIME OF LATEST TRANSACTION
- control field: 20220223141604.0
008 - FIXED-LENGTH DATA ELEMENTS
- fixed length control field: 220223|| aca||aabn | a|a d
040 ## - CATALOGING SOURCE
- Original cataloging agency: NUST
- Transcribing agency: NUST
100 ## - HEADING--PERSONAL NAME
- Personal name: INMON,H. WILLIAM
670 ## - SOURCE DATA FOUND
- Source citation: Work cat.: (NUST): INMON,H. WILLIAM., BUILDING THE DATA WARE HOUSE /, 2005.
